|
|
|
|
| LEADER |
00609nta a2200157 i 4500 |
| 001 |
dipl4495 |
| 005 |
20130314073525.0 |
| 008 |
110627s2002 hu om 0|| zxx d |
| 040 |
|
|
|a SZTE Diploma Repozitórium
|b hun
|
| 041 |
|
|
|a zxx
|
| 100 |
1 |
|
|a Majoros Zsuzsanna
|
| 245 |
1 |
2 |
|a A vállalkozások komplex lokális környezetének elemei Szegeden
|h [elektronikus dokumentum] /
|c Zsuzsanna Majoros
|
| 260 |
|
|
|c 2002
|
| 650 |
|
4 |
|a Gazdaságtudományok
|
| 700 |
1 |
|
|a Volford László
|e ths
|
| 856 |
4 |
0 |
|u http://diploma.bibl.u-szeged.hu/id/eprint/4495/1/Microsoft_Word_-_Majoros_Zsuzsanna_Szakdolgozat_2002-05-21.pdf
|z Dokumentum-elérés
|